| 000 | 00787nam a22002537a 4500 | ||
|---|---|---|---|
| 001 | BR2900034 | ||
| 003 | BR-BrBNA | ||
| 005 | 20230928082839.0 | ||
| 007 | ta | ||
| 008 | 230509b bl.||||| |||| 00| 0 por d | ||
| 040 |
_aBR-BrBNA _bpor _cBiblioteca Nacional de Agricultura |
||
| 041 | _a(Por) | ||
| 072 | _aF25 | ||
| 090 | _ F25 BR2900034 | ||
| 100 | 1 | _aDias, A. de P. | |
| 110 | 1 | _aSecretaria da Agricultura, Industria e Commercio do Estado de Sao Paulo, Sao Paulo (Brasil). Directoria de Publicidade | |
| 245 | 1 | _aPhosphatos naturaes; valor agricola dos phosphatos naturaes; phosphatos do Ipanema | |
| 260 | 3 |
_aSao Paulo, SP (Brasil): _c1929. |
|
| 300 | _a15 p. | ||
| 650 | _aFOSFATO DE ROCHA | ||
| 650 | _aADUBACAO | ||
| 909 |
_a202309 _bLucia _c55 _dLucia Elande |
||
| 942 | _cBK | ||
| 999 |
_c10248 _d10248 |
||